[Event "Rapid Tournament (RAP)"]
[Site "Biel, CH"]
[Date "2025.07.13"]
[Round "4"]
[White "Yilmaz, Mustafa"]
[Black "Maier, Christian"]
[Result "1-0"]
[Board "2"]
[WhiteFideId "6302718"]
[BlackFideId "4601955"]
[WhiteTitle "GM"]
[BlackTitle "IM"]
[WhiteElo "2547"]
[BlackElo "2250"]
[WhiteTeam "TUR"]
[BlackTeam "GER"]
[WhiteClock "0:03:44"]
[BlackClock "0:07:32"]
[Variant "Standard"]

1. c4 {[%clk 0:15:04]}  e5 {[%clk 0:15:05]} 2. g3 {[%clk 0:14:57]}  Nc6 {[%clk 0:15:04]} 3. Bg2 {[%clk 0:14:59]}  h5 {[%clk 0:15:03]} 4. Nf3 {[%clk 0:13:57]}  h4 {[%clk 0:15:06]} 5. Nxh4 {[%clk 0:12:53]}  Rxh4 {[%clk 0:15:04]} 6. gxh4 {[%clk 0:12:56]}  Qxh4 {[%clk 0:15:07]} 7. d3 {[%clk 0:12:29]}  Bc5 {[%clk 0:15:09]} 8. e3 {[%clk 0:12:17]}  Nf6 {[%clk 0:15:13]} 9. h3 {[%clk 0:09:41]}  d6 {[%clk 0:12:21]} 10. a3 {[%clk 0:10:55]}  a6 {[%clk 0:12:23]} 11. Nc3 {[%clk 0:09:42]}  Bf5 {[%clk 0:12:11]} 12. b4 {[%clk 0:09:24]}  Ba7 {[%clk 0:12:12]} 13. Ra2 {[%clk 0:08:37]}  e4 {[%clk 0:11:34]} 14. dxe4 {[%clk 0:07:20]}  Nxe4 {[%clk 0:11:35]} 15. Nxe4 {[%clk 0:07:11]}  Bxe4 {[%clk 0:11:38]} 16. Qg4 {[%clk 0:07:07]}  Qxg4 {[%clk 0:10:42]} 17. hxg4 {[%clk 0:07:10]}  Bxg2 {[%clk 0:10:45]} 18. Rh8+ {[%clk 0:07:13]}  Kd7 {[%clk 0:10:35]} 19. Rxa8 {[%clk 0:07:16]}  Bb6 {[%clk 0:10:39]} 20. Bb2 {[%clk 0:05:49]}  g6 {[%clk 0:09:23]} 21. Bf6 {[%clk 0:05:03]}  Bf3 {[%clk 0:09:53]} 22. g5 {[%clk 0:05:05]}  Ne7 {[%clk 0:07:59]} 23. Rd2 {[%clk 0:03:55]}  c5 {[%clk 0:07:32]} 24. Rf8 {[%clk 0:03:44]} 1-0

[Event "Rapid Tournament (RAP)"]
[Site "Biel, CH"]
[Date "2025.07.13"]
[Round "4"]
[White "Rohrer, Christophe"]
[Black "Karthikeyan, Murali"]
[Result "1/2-1/2"]
[Board "3"]
[WhiteFideId "1326546"]
[BlackFideId "5074452"]
[WhiteTitle "FM"]
[BlackTitle "GM"]
[WhiteElo "2201"]
[BlackElo "2522"]
[WhiteTeam "SUI"]
[BlackTeam "IND"]
[WhiteClock "0:04:43"]
[BlackClock "0:00:10"]
[Variant "Standard"]

1. e4 {[%clk 0:15:07]}  c5 {[%clk 0:15:03]} 2. Nf3 {[%clk 0:15:09]}  e6 {[%clk 0:15:00]} 3. Nc3 {[%clk 0:15:11]}  a6 {[%clk 0:15:02]} 4. g3 {[%clk 0:15:12]}  Qc7 {[%clk 0:14:51]} 5. Bg2 {[%clk 0:15:10]}  b5 {[%clk 0:13:35]} 6. O-O {[%clk 0:13:22]}  Bb7 {[%clk 0:13:38]} 7. d4 {[%clk 0:12:47]}  cxd4 {[%clk 0:12:23]} 8. Nxd4 {[%clk 0:12:43]}  d6 {[%clk 0:12:17]} 9. Re1 {[%clk 0:12:28]}  Nf6 {[%clk 0:11:08]} 10. Bg5 {[%clk 0:12:14]}  Nbd7 {[%clk 0:10:43]} 11. a4 {[%clk 0:11:57]}  bxa4 {[%clk 0:09:42]} 12. Nd5 {[%clk 0:10:42]}  exd5 {[%clk 0:07:53]} 13. exd5+ {[%clk 0:10:44]}  Ne5 {[%clk 0:07:56]} 14. Bxf6 {[%clk 0:09:45]}  gxf6 {[%clk 0:07:56]} 15. f4 {[%clk 0:09:49]}  O-O-O {[%clk 0:06:31]} 16. fxe5 {[%clk 0:09:38]}  dxe5 {[%clk 0:06:34]} 17. Qg4+ {[%clk 0:09:07]}  Qd7 {[%clk 0:06:18]} 18. Qxd7+ {[%clk 0:09:05]}  Rxd7 {[%clk 0:05:57]} 19. Nc6 {[%clk 0:08:45]}  Bc5+ {[%clk 0:04:04]} 20. Kh1 {[%clk 0:08:45]}  Bxc6 {[%clk 0:03:23]} 21. dxc6 {[%clk 0:08:48]}  Rd4 {[%clk 0:02:52]} 22. c3 {[%clk 0:06:34]}  Rd2 {[%clk 0:02:53]} 23. Rxa4 {[%clk 0:06:32]}  Rxb2 {[%clk 0:02:56]} 24. Rxa6 {[%clk 0:06:31]}  Kc7 {[%clk 0:02:54]} 25. Rd1 {[%clk 0:06:13]}  Rd8 {[%clk 0:02:53]} 26. Raa1 {[%clk 0:05:49]}  Rdd2 {[%clk 0:01:32]} 27. Rxd2 {[%clk 0:05:47]}  Rxd2 {[%clk 0:01:34]} 28. Rf1 {[%clk 0:04:44]}  Bf2 {[%clk 0:01:12]} 29. Rb1 {[%clk 0:04:41]}  Bb6 {[%clk 0:00:24]} 30. Rf1 {[%clk 0:04:39]}  Bf2 {[%clk 0:00:16]} 31. Rb1 {[%clk 0:04:41]}  Bb6 {[%clk 0:00:11]} 32. Rf1 {[%clk 0:04:43]}  Bf2 {[%clk 0:00:10]} 1/2-1/2

[Event "Rapid Tournament (RAP)"]
[Site "Biel, CH"]
[Date "2025.07.13"]
[Round "4"]
[White "Kobalia, Mikhail"]
[Black "Vemparala, Nikash"]
[Result "1-0"]
[Board "4"]
[WhiteFideId "4119150"]
[BlackFideId "30960967"]
[WhiteTitle "GM"]
[BlackTitle "CM"]
[WhiteElo "2509"]
[BlackElo "2178"]
[WhiteTeam "FID"]
[BlackTeam "USA"]
[WhiteClock "0:05:04"]
[BlackClock "0:00:30"]
[Variant "Standard"]

1. e4 {[%clk 0:15:05]}  e5 {[%clk 0:15:02]} 2. Nf3 {[%clk 0:15:08]}  Nc6 {[%clk 0:15:05]} 3. Bb5 {[%clk 0:15:11]}  Bc5 {[%clk 0:15:08]} 4. c3 {[%clk 0:15:11]}  Nf6 {[%clk 0:15:12]} 5. d3 {[%clk 0:14:31]}  O-O {[%clk 0:14:58]} 6. Bg5 {[%clk 0:14:31]}  d6 {[%clk 0:14:31]} 7. Nbd2 {[%clk 0:14:26]}  h6 {[%clk 0:14:22]} 8. Bh4 {[%clk 0:14:29]}  Bb6 {[%clk 0:13:37]} 9. Nc4 {[%clk 0:14:03]}  Bd7 {[%clk 0:12:38]} 10. Bxc6 {[%clk 0:13:37]}  Bxc6 {[%clk 0:12:18]} 11. Ne3 {[%clk 0:13:34]}  Bxe3 {[%clk 0:11:28]} 12. fxe3 {[%clk 0:13:35]}  Qe7 {[%clk 0:10:28]} 13. O-O {[%clk 0:11:01]}  Qe6 {[%clk 0:10:26]} 14. Bxf6 {[%clk 0:10:57]}  Qxf6 {[%clk 0:10:30]} 15. Nd4 {[%clk 0:10:50]}  Qd8 {[%clk 0:06:43]} 16. Nxc6 {[%clk 0:09:39]}  bxc6 {[%clk 0:06:46]} 17. Qa4 {[%clk 0:09:34]}  Qe8 {[%clk 0:05:55]} 18. Qc4 {[%clk 0:07:36]}  Rb8 {[%clk 0:05:56]} 19. b4 {[%clk 0:07:37]}  Qd7 {[%clk 0:05:48]} 20. a4 {[%clk 0:05:38]}  Rbd8 {[%clk 0:04:31]} 21. Rf3 {[%clk 0:05:23]}  Kh7 {[%clk 0:03:57]} 22. b5 {[%clk 0:05:11]}  d5 {[%clk 0:03:26]} 23. exd5 {[%clk 0:05:05]}  cxd5 {[%clk 0:03:29]} 24. Qc5 {[%clk 0:05:09]}  e4 {[%clk 0:01:52]} 25. dxe4 {[%clk 0:05:10]}  dxe4 {[%clk 0:01:55]} 26. Rf4 {[%clk 0:05:01]}  f5 {[%clk 0:00:59]} 27. Raf1 {[%clk 0:04:58]}  g6 {[%clk 0:00:29]} 28. Qxa7 {[%clk 0:05:00]}  Ra8 {[%clk 0:00:27]} 29. Qc5 {[%clk 0:05:02]}  Rxa4 {[%clk 0:00:30]} 30. Qxf8 {[%clk 0:05:04]} 1-0

[Event "Rapid Tournament (RAP)"]
[Site "Biel, CH"]
[Date "2025.07.13"]
[Round "4"]
[White "Shvedova, Alexandra"]
[Black "Panchanathan, Magesh Chandran"]
[Result "1-0"]
[Board "5"]
[WhiteFideId "54154782"]
[BlackFideId "5007429"]
[WhiteTitle "WFM"]
[BlackTitle "GM"]
[WhiteElo "2177"]
[BlackElo "2454"]
[WhiteTeam "ITA"]
[BlackTeam "IND"]
[WhiteClock "0:01:07"]
[BlackClock "0:00:21"]
[Variant "Standard"]

1. e4 {[%clk 0:15:08]}  e5 {[%clk 0:14:08]} 2. Nf3 {[%clk 0:15:09]}  Nc6 {[%clk 0:14:09]} 3. Bc4 {[%clk 0:15:12]}  Nf6 {[%clk 0:14:12]} 4. d3 {[%clk 0:15:15]}  Be7 {[%clk 0:14:13]} 5. O-O {[%clk 0:15:14]}  O-O {[%clk 0:14:16]} 6. Re1 {[%clk 0:15:17]}  d6 {[%clk 0:14:17]} 7. a4 {[%clk 0:15:19]}  h6 {[%clk 0:14:14]} 8. a5 {[%clk 0:15:17]}  a6 {[%clk 0:14:16]} 9. c3 {[%clk 0:15:00]}  Nh7 {[%clk 0:14:12]} 10. Nbd2 {[%clk 0:14:17]}  Ng5 {[%clk 0:13:28]} 11. Nxg5 {[%clk 0:13:06]}  Bxg5 {[%clk 0:13:31]} 12. Nf1 {[%clk 0:13:08]}  Bxc1 {[%clk 0:13:24]} 13. Qxc1 {[%clk 0:13:11]}  Kh8 {[%clk 0:13:27]} 14. Ne3 {[%clk 0:12:35]}  Ne7 {[%clk 0:12:33]} 15. d4 {[%clk 0:11:28]}  exd4 {[%clk 0:13:34]} 16. cxd4 {[%clk 0:11:26]}  f5 {[%clk 0:13:38]} 17. exf5 {[%clk 0:10:07]}  Nxf5 {[%clk 0:13:41]} 18. Nd5 {[%clk 0:09:07]}  c6 {[%clk 0:13:04]} 19. Nf4 {[%clk 0:08:50]}  Nh4 {[%clk 0:13:07]} 20. Ne6 {[%clk 0:07:57]}  Bxe6 {[%clk 0:12:57]} 21. Rxe6 {[%clk 0:07:57]}  Qd7 {[%clk 0:12:18]} 22. d5 {[%clk 0:07:06]}  Rf5 {[%clk 0:08:29]} 23. Qd1 {[%clk 0:05:44]}  Raf8 {[%clk 0:07:44]} 24. Qd4 {[%clk 0:04:36]}  Rh5 {[%clk 0:05:34]} 25. Rae1 {[%clk 0:04:04]}  c5 {[%clk 0:05:12]} 26. Qc3 {[%clk 0:03:11]}  Qf7 {[%clk 0:05:09]} 27. R1e2 {[%clk 0:02:57]}  Nf5 {[%clk 0:04:33]} 28. Qf3 {[%clk 0:02:14]}  Rg5 {[%clk 0:03:52]} 29. Kf1 {[%clk 0:02:33]}  Qg8 {[%clk 0:03:43]} 30. Qh3 {[%clk 0:01:46]}  Qf7 {[%clk 0:02:27]} 31. Qf3 {[%clk 0:01:20]}  g6 {[%clk 0:01:55]} 32. Bd3 {[%clk 0:01:31]}  Qg7 {[%clk 0:01:01]} 33. Re8 {[%clk 0:01:24]}  Rxe8 {[%clk 0:00:35]} 34. Rxe8+ {[%clk 0:01:28]}  Kh7 {[%clk 0:00:39]} 35. Qe2 {[%clk 0:01:22]}  Nd4 {[%clk 0:00:40]} 36. Qe4 {[%clk 0:01:08]}  Rf5 {[%clk 0:00:44]} 37. Re7 {[%clk 0:01:08]}  Rf7 {[%clk 0:00:21]} 38. Qxg6+ {[%clk 0:01:07]} 1-0

[Event "Rapid Tournament (RAP)"]
[Site "Biel, CH"]
[Date "2025.07.13"]
[Round "4"]
[White "Gloeckler, Christian"]
[Black "Vilaseca, Laurent"]
[Result "1/2-1/2"]
[Board "6"]
[WhiteFideId "34608966"]
[BlackFideId "1310240"]
[WhiteTitle "FM"]
[WhiteElo "2353"]
[BlackElo "2044"]
[WhiteTeam "GER"]
[BlackTeam "SUI"]
[WhiteClock "0:00:20"]
[BlackClock "0:01:33"]
[Variant "Standard"]

1. e4 {[%clk 0:15:07]}  c6 {[%clk 0:15:07]} 2. d4 {[%clk 0:15:11]}  d5 {[%clk 0:15:11]} 3. f3 {[%clk 0:15:15]}  g6 {[%clk 0:14:43]} 4. Nc3 {[%clk 0:15:18]}  Bg7 {[%clk 0:14:46]} 5. e5 {[%clk 0:15:21]}  f6 {[%clk 0:13:54]} 6. f4 {[%clk 0:15:16]}  Nh6 {[%clk 0:13:48]} 7. Be2 {[%clk 0:14:27]}  O-O {[%clk 0:13:23]} 8. Nf3 {[%clk 0:14:04]}  Bg4 {[%clk 0:13:13]} 9. O-O {[%clk 0:14:00]}  Nf5 {[%clk 0:12:44]} 10. Ne1 {[%clk 0:12:50]}  Bxe2 {[%clk 0:12:28]} 11. Nxe2 {[%clk 0:12:53]}  Qb6 {[%clk 0:10:22]} 12. Nf3 {[%clk 0:11:19]}  Na6 {[%clk 0:11:33]} 13. c3 {[%clk 0:10:37]}  Nc7 {[%clk 0:11:32]} 14. Kh1 {[%clk 0:08:38]}  c5 {[%clk 0:08:09]} 15. Qb3 {[%clk 0:05:15]}  Qxb3 {[%clk 0:07:05]} 16. axb3 {[%clk 0:06:29]}  cxd4 {[%clk 0:07:07]} 17. cxd4 {[%clk 0:06:00]}  h5 {[%clk 0:06:42]} 18. Bd2 {[%clk 0:05:11]}  Ne6 {[%clk 0:06:27]} 19. Rfc1 {[%clk 0:04:23]}  a6 {[%clk 0:06:22]} 20. g3 {[%clk 0:04:04]}  Rfc8 {[%clk 0:06:19]} 21. Kg2 {[%clk 0:03:36]}  Kf7 {[%clk 0:06:20]} 22. h3 {[%clk 0:03:29]}  Nh6 {[%clk 0:05:25]} 23. Rc3 {[%clk 0:02:33]}  Nd8 {[%clk 0:04:50]} 24. Rac1 {[%clk 0:02:14]}  Nc6 {[%clk 0:04:54]} 25. Be3 {[%clk 0:02:06]}  Ke6 {[%clk 0:04:51]} 26. Bf2 {[%clk 0:01:52]}  Kd7 {[%clk 0:04:41]} 27. Nh4 {[%clk 0:00:54]}  g5 {[%clk 0:04:29]} 28. fxg5 {[%clk 0:00:58]}  fxg5 {[%clk 0:04:33]} 29. Nf3 {[%clk 0:00:57]}  g4 {[%clk 0:04:21]} 30. hxg4 {[%clk 0:00:58]}  hxg4 {[%clk 0:04:21]} 31. Ne1 {[%clk 0:00:46]}  Nb4 {[%clk 0:04:16]} 32. Be3 {[%clk 0:00:34]}  Nf5 {[%clk 0:01:57]} 33. Bd2 {[%clk 0:00:38]}  Nc6 {[%clk 0:01:58]} 34. Nc2 {[%clk 0:00:32]}  e6 {[%clk 0:02:01]} 35. Rf1 {[%clk 0:00:21]}  Bf8 {[%clk 0:01:49]} 36. Rh1 {[%clk 0:00:15]}  Be7 {[%clk 0:01:34]} 37. Ne3 {[%clk 0:00:15]}  Nxe3+ {[%clk 0:01:36]} 38. Rxe3 {[%clk 0:00:11]}  Rh8 {[%clk 0:01:29]} 39. Rxh8 {[%clk 0:00:14]}  Rxh8 {[%clk 0:01:34]} 40. Rc3 {[%clk 0:00:15]}  Rf8 {[%clk 0:01:28]} 41. Bf4 {[%clk 0:00:16]}  Bb4 {[%clk 0:01:29]} 42. Rc1 {[%clk 0:00:18]}  Ba5 {[%clk 0:01:32]} 43. Rh1 {[%clk 0:00:21]}  Bb6 {[%clk 0:01:35]} 44. Rh7+ {[%clk 0:00:22]}  Kc8 {[%clk 0:01:38]} 45. Rh6 {[%clk 0:00:17]}  Kd7 {[%clk 0:01:32]} 46. Rh7+ {[%clk 0:00:20]}  Kc8 {[%clk 0:01:16]} 47. Rh6 {[%clk 0:00:24]}  Kd7 {[%clk 0:00:54]} 48. Rg6 {[%clk 0:00:10]}  Nxd4 {[%clk 0:00:56]} 49. Nxd4 {[%clk 0:00:08]}  Bxd4 {[%clk 0:01:00]} 50. Rxg4 {[%clk 0:00:11]}  Bxb2 {[%clk 0:01:04]} 51. Rg7+ {[%clk 0:00:15]}  Kc6 {[%clk 0:01:08]} 52. Re7 {[%clk 0:00:18]}  d4 {[%clk 0:01:08]} 53. Kf3 {[%clk 0:00:14]}  d3 {[%clk 0:01:03]} 54. Rxe6+ {[%clk 0:00:16]}  Kc5 {[%clk 0:01:00]} 55. Rd6 {[%clk 0:00:06]}  Bxe5 {[%clk 0:00:59]} 56. Rxd3 {[%clk 0:00:10]}  Bxf4 {[%clk 0:01:02]} 57. gxf4 {[%clk 0:00:14]}  a5 {[%clk 0:01:04]} 58. Kg4 {[%clk 0:00:12]}  b5 {[%clk 0:01:09]} 59. f5 {[%clk 0:00:16]}  a4 {[%clk 0:01:12]} 60. bxa4 {[%clk 0:00:13]}  bxa4 {[%clk 0:01:17]} 61. Kf4 {[%clk 0:00:14]}  Kb4 {[%clk 0:01:17]} 62. Rd4+ {[%clk 0:00:16]}  Kb3 {[%clk 0:01:21]} 63. Rd3+ {[%clk 0:00:19]}  Kb4 {[%clk 0:01:25]} 64. Rd7 {[%clk 0:00:16]}  a3 {[%clk 0:01:22]} 65. Ra7 {[%clk 0:00:13]}  Kb3 {[%clk 0:01:25]} 66. Ke5 {[%clk 0:00:16]}  a2 {[%clk 0:01:26]} 67. f6 {[%clk 0:00:19]}  Kb2 {[%clk 0:01:26]} 68. Rb7+ {[%clk 0:00:20]}  Kc2 {[%clk 0:01:29]} 69. Ra7 {[%clk 0:00:23]}  Kb2 {[%clk 0:01:33]} 70. Rb7+ {[%clk 0:00:20]} 1/2-1/2

[Event "Rapid Tournament (RAP)"]
[Site "Biel, CH"]
[Date "2025.07.13"]
[Round "4"]
[White "Talwalkar, Vedant"]
[Black "Sharif, Mehrshad"]
[Result "1-0"]
[Board "7"]
[WhiteFideId "30962498"]
[BlackFideId "600121"]
[WhiteTitle "FM"]
[BlackTitle "IM"]
[WhiteElo "2014"]
[BlackElo "2334"]
[WhiteTeam "USA"]
[BlackTeam "FRA"]
[WhiteClock "0:08:40"]
[BlackClock "0:06:32"]
[Variant "Standard"]

1. e4 {[%clk 0:14:54]}  e6 {[%clk 0:15:08]} 2. d4 {[%clk 0:14:57]}  d5 {[%clk 0:15:11]} 3. Nd2 {[%clk 0:15:01]}  c5 {[%clk 0:15:14]} 4. Ngf3 {[%clk 0:15:05]}  cxd4 {[%clk 0:15:16]} 5. exd5 {[%clk 0:15:09]}  Qxd5 {[%clk 0:15:18]} 6. Bc4 {[%clk 0:15:13]}  Qd6 {[%clk 0:15:21]} 7. O-O {[%clk 0:15:16]}  Nf6 {[%clk 0:15:25]} 8. Nb3 {[%clk 0:15:18]}  Nc6 {[%clk 0:15:28]} 9. Nbxd4 {[%clk 0:15:21]}  Nxd4 {[%clk 0:15:31]} 10. Nxd4 {[%clk 0:15:25]}  Be7 {[%clk 0:15:33]} 11. c3 {[%clk 0:15:21]}  O-O {[%clk 0:15:33]} 12. Qf3 {[%clk 0:15:22]}  Qc7 {[%clk 0:15:32]} 13. Bb3 {[%clk 0:15:25]}  e5 {[%clk 0:15:31]} 14. Nf5 {[%clk 0:15:19]}  Bxf5 {[%clk 0:15:31]} 15. Qxf5 {[%clk 0:15:22]}  a5 {[%clk 0:15:33]} 16. Bg5 {[%clk 0:14:39]}  g6 {[%clk 0:15:14]} 17. Qf3 {[%clk 0:14:15]}  e4 {[%clk 0:15:06]} 18. Qf4 {[%clk 0:13:04]}  Qxf4 {[%clk 0:14:52]} 19. Bxf4 {[%clk 0:13:07]}  a4 {[%clk 0:14:51]} 20. Bc2 {[%clk 0:13:09]}  Nd5 {[%clk 0:12:15]} 21. Bh6 {[%clk 0:12:47]}  Rfd8 {[%clk 0:12:03]} 22. Bxe4 {[%clk 0:12:38]}  a3 {[%clk 0:11:34]} 23. Bxd5 {[%clk 0:10:49]}  Rxd5 {[%clk 0:11:08]} 24. bxa3 {[%clk 0:10:52]}  Rxa3 {[%clk 0:09:48]} 25. Rad1 {[%clk 0:10:13]}  Rxd1 {[%clk 0:09:10]} 26. Rxd1 {[%clk 0:10:16]}  Rxa2 {[%clk 0:08:58]} 27. g3 {[%clk 0:10:12]}  f6 {[%clk 0:08:47]} 28. Rd7 {[%clk 0:09:52]}  Bc5 {[%clk 0:06:28]} 29. Rg7+ {[%clk 0:09:33]}  Kh8 {[%clk 0:06:31]} 30. Rc7 {[%clk 0:09:33]}  Bxf2+ {[%clk 0:06:29]} 31. Kf1 {[%clk 0:09:35]}  Kg8 {[%clk 0:06:31]} 32. Rg7+ {[%clk 0:09:18]}  Kh8 {[%clk 0:06:34]} 33. Rxb7 {[%clk 0:09:13]}  Kg8 {[%clk 0:06:38]} 34. Rg7+ {[%clk 0:09:09]}  Kh8 {[%clk 0:06:32]} 35. Rf7 {[%clk 0:08:40]} 1-0

[Event "Rapid Tournament (RAP)"]
[Site "Biel, CH"]
[Date "2025.07.13"]
[Round "4"]
[White "Degtiarev, Evgeny"]
[Black "Shumilov, Ruslan"]
[Result "1-0"]
[Board "8"]
[WhiteFideId "4149610"]
[BlackFideId "1360183"]
[WhiteTitle "IM"]
[WhiteElo "2331"]
[BlackElo "1839"]
[WhiteTeam "GER"]
[BlackTeam "SUI"]
[WhiteClock "0:02:42"]
[BlackClock "0:01:26"]
[Variant "Standard"]

1. d4 {[%clk 0:14:01]}  Nf6 {[%clk 0:15:08]} 2. c4 {[%clk 0:14:04]}  e6 {[%clk 0:15:10]} 3. Nc3 {[%clk 0:14:06]}  Bb4 {[%clk 0:15:12]} 4. e3 {[%clk 0:14:09]}  c5 {[%clk 0:15:14]} 5. d5 {[%clk 0:13:54]}  exd5 {[%clk 0:14:35]} 6. cxd5 {[%clk 0:13:57]}  O-O {[%clk 0:14:08]} 7. Nge2 {[%clk 0:13:03]}  Re8 {[%clk 0:13:55]} 8. g3 {[%clk 0:11:31]}  d6 {[%clk 0:13:47]} 9. Bg2 {[%clk 0:10:35]}  Bf5 {[%clk 0:13:13]} 10. f3 {[%clk 0:11:01]}  Qd7 {[%clk 0:11:09]} 11. g4 {[%clk 0:10:10]}  Bxg4 {[%clk 0:09:55]} 12. fxg4 {[%clk 0:10:12]}  Qxg4 {[%clk 0:09:55]} 13. O-O {[%clk 0:09:04]}  Nbd7 {[%clk 0:09:37]} 14. Ng3 {[%clk 0:05:28]}  Qg6 {[%clk 0:08:55]} 15. Nce2 {[%clk 0:04:45]}  Nh5 {[%clk 0:06:57]} 16. Nxh5 {[%clk 0:04:06]}  Qxh5 {[%clk 0:06:59]} 17. Ng3 {[%clk 0:04:04]}  Qg6 {[%clk 0:06:31]} 18. e4 {[%clk 0:03:51]}  c4 {[%clk 0:06:06]} 19. Be3 {[%clk 0:03:48]}  Ne5 {[%clk 0:05:02]} 20. Qh5 {[%clk 0:03:13]}  b5 {[%clk 0:04:28]} 21. Qxg6 {[%clk 0:03:15]}  hxg6 {[%clk 0:04:25]} 22. Bd4 {[%clk 0:03:01]}  Nd3 {[%clk 0:04:18]} 23. Bh3 {[%clk 0:02:53]}  a6 {[%clk 0:03:38]} 24. Bd7 {[%clk 0:02:52]}  Re7 {[%clk 0:03:34]} 25. Bc6 {[%clk 0:02:56]}  Rb8 {[%clk 0:03:31]} 26. a4 {[%clk 0:02:55]}  Kf8 {[%clk 0:02:40]} 27. axb5 {[%clk 0:02:58]}  axb5 {[%clk 0:02:43]} 28. Rf3 {[%clk 0:02:34]}  Bc5 {[%clk 0:02:02]} 29. Bxc5 {[%clk 0:02:37]}  Nxc5 {[%clk 0:02:05]} 30. Rfa3 {[%clk 0:02:40]}  Nxe4 {[%clk 0:01:59]} 31. Ra8 {[%clk 0:02:44]}  Ree8 {[%clk 0:01:24]} 32. Bxe8 {[%clk 0:02:40]}  Rxe8 {[%clk 0:01:26]} 33. Nxe4 {[%clk 0:02:42]} 1-0

[Event "Rapid Tournament (RAP)"]
[Site "Biel, CH"]
[Date "2025.07.13"]
[Round "4"]
[White "Sadeghi, Hassan Roger"]
[Black "Gruenfeld, Yehuda"]
[Result "0-1"]
[Board "9"]
[WhiteFideId "1304712"]
[BlackFideId "2800020"]
[WhiteTitle "CM"]
[BlackTitle "GM"]
[WhiteElo "2068"]
[BlackElo "2308"]
[WhiteTeam "SUI"]
[BlackTeam "ISR"]
[WhiteClock "0:00:21"]
[BlackClock "0:05:55"]
[Variant "Standard"]

1. Nc3 {[%clk 0:15:07]}  d5 {[%clk 0:15:02]} 2. d4 {[%clk 0:14:49]}  Nf6 {[%clk 0:14:55]} 3. Bg5 {[%clk 0:14:50]}  Nbd7 {[%clk 0:14:49]} 4. e3 {[%clk 0:14:23]}  e6 {[%clk 0:12:55]} 5. a3 {[%clk 0:13:10]}  Be7 {[%clk 0:12:33]} 6. Bd3 {[%clk 0:13:11]}  c5 {[%clk 0:12:32]} 7. Nf3 {[%clk 0:13:11]}  a6 {[%clk 0:12:31]} 8. O-O {[%clk 0:12:51]}  h6 {[%clk 0:12:30]} 9. Bf4 {[%clk 0:12:40]}  b5 {[%clk 0:12:34]} 10. Ne5 {[%clk 0:12:25]}  Bb7 {[%clk 0:12:34]} 11. Re1 {[%clk 0:11:37]}  c4 {[%clk 0:11:47]} 12. Be2 {[%clk 0:11:10]}  O-O {[%clk 0:11:31]} 13. Bf3 {[%clk 0:11:08]}  Nxe5 {[%clk 0:11:03]} 14. Bxe5 {[%clk 0:10:57]}  Nd7 {[%clk 0:10:57]} 15. Bf4 {[%clk 0:09:50]}  f5 {[%clk 0:10:59]} 16. g4 {[%clk 0:08:40]}  Nf6 {[%clk 0:10:16]} 17. h3 {[%clk 0:08:19]}  Bd6 {[%clk 0:09:29]} 18. Be5 {[%clk 0:04:24]}  Ne4 {[%clk 0:08:35]} 19. Bg2 {[%clk 0:03:28]}  Qc7 {[%clk 0:07:41]} 20. f4 {[%clk 0:02:33]}  Bc6 {[%clk 0:07:43]} 21. Nxe4 {[%clk 0:02:24]}  dxe4 {[%clk 0:07:19]} 22. Bxd6 {[%clk 0:02:06]}  Qxd6 {[%clk 0:07:22]} 23. c3 {[%clk 0:01:47]}  Bd5 {[%clk 0:07:20]} 24. h4 {[%clk 0:01:38]}  g6 {[%clk 0:07:12]} 25. g5 {[%clk 0:01:30]}  h5 {[%clk 0:06:57]} 26. Qd2 {[%clk 0:01:03]}  a5 {[%clk 0:06:58]} 27. Reb1 {[%clk 0:00:46]}  Rfb8 {[%clk 0:06:59]} 28. Bf1 {[%clk 0:00:42]}  b4 {[%clk 0:06:33]} 29. axb4 {[%clk 0:00:21]}  axb4 {[%clk 0:05:55]} 0-1

[Event "Rapid Tournament (RAP)"]
[Site "Biel, CH"]
[Date "2025.07.13"]
[Round "4"]
[White "Vincenti, Leonardo"]
[Black "Pinchetti, Andrea"]
[Result "1-0"]
[Board "10"]
[WhiteFideId "28550820"]
[BlackFideId "1313800"]
[WhiteTitle "CM"]
[WhiteElo "2283"]
[BlackElo "2026"]
[WhiteTeam "ITA"]
[BlackTeam "SUI"]
[WhiteClock "0:00:12"]
[BlackClock "0:03:45"]
[Variant "Standard"]

1. e4 {[%clk 0:15:09]}  e6 {[%clk 0:15:05]} 2. d4 {[%clk 0:14:54]}  d5 {[%clk 0:15:07]} 3. Nd2 {[%clk 0:14:58]}  dxe4 {[%clk 0:15:03]} 4. Nxe4 {[%clk 0:15:01]}  Bd7 {[%clk 0:15:07]} 5. Bg5 {[%clk 0:14:38]}  Be7 {[%clk 0:15:01]} 6. Bxe7 {[%clk 0:14:41]}  Qxe7 {[%clk 0:14:50]} 7. Nc5 {[%clk 0:14:31]}  Bc6 {[%clk 0:14:37]} 8. Nf3 {[%clk 0:14:31]}  Nd7 {[%clk 0:14:17]} 9. Nxd7 {[%clk 0:14:30]}  Qxd7 {[%clk 0:13:27]} 10. Ne5 {[%clk 0:14:31]}  Qd6 {[%clk 0:12:46]} 11. Qd2 {[%clk 0:14:11]}  Nf6 {[%clk 0:12:36]} 12. O-O-O {[%clk 0:14:12]}  O-O {[%clk 0:11:59]} 13. h4 {[%clk 0:14:01]}  Nd7 {[%clk 0:11:14]} 14. Nxc6 {[%clk 0:13:48]}  bxc6 {[%clk 0:10:59]} 15. h5 {[%clk 0:13:52]}  h6 {[%clk 0:11:00]} 16. g4 {[%clk 0:13:43]}  Qd5 {[%clk 0:09:34]} 17. Rg1 {[%clk 0:11:33]}  Qxa2 {[%clk 0:10:21]} 18. Qc3 {[%clk 0:10:36]}  Rab8 {[%clk 0:06:11]} 19. Bc4 {[%clk 0:05:45]}  Qa1+ {[%clk 0:08:20]} 20. Kd2 {[%clk 0:05:49]}  Qxb2 {[%clk 0:08:20]} 21. Qxb2 {[%clk 0:05:50]}  Rxb2 {[%clk 0:08:24]} 22. Bb3 {[%clk 0:05:54]}  Rb8 {[%clk 0:07:50]} 23. Kc3 {[%clk 0:05:53]}  R2xb3+ {[%clk 0:07:43]} 24. cxb3 {[%clk 0:05:56]}  Nf6 {[%clk 0:07:37]} 25. Ra1 {[%clk 0:05:17]}  Rb7 {[%clk 0:07:26]} 26. f3 {[%clk 0:04:09]}  Kf8 {[%clk 0:06:38]} 27. Ra5 {[%clk 0:03:23]}  Nd5+ {[%clk 0:06:54]} 28. Kb2 {[%clk 0:03:20]}  Rb4 {[%clk 0:06:31]} 29. Rd1 {[%clk 0:00:45]}  Rb7 {[%clk 0:06:24]} 30. Rda1 {[%clk 0:01:54]}  Rb4 {[%clk 0:05:16]} 31. R1a4 {[%clk 0:01:48]}  Rb7 {[%clk 0:04:47]} 32. Rxa7 {[%clk 0:01:43]}  Rb5 {[%clk 0:04:42]} 33. Rc4 {[%clk 0:01:03]}  Rb6 {[%clk 0:04:41]} 34. Ka3 {[%clk 0:00:54]}  Ke7 {[%clk 0:04:41]} 35. b4 {[%clk 0:00:54]}  Kd6 {[%clk 0:04:42]} 36. Ra8 {[%clk 0:00:47]}  Ne3 {[%clk 0:04:39]} 37. Rc5 {[%clk 0:00:38]}  Nd5 {[%clk 0:04:39]} 38. Rc4 {[%clk 0:00:50]}  Ne3 {[%clk 0:04:42]} 39. Rc3 {[%clk 0:00:50]}  Nd5 {[%clk 0:04:32]} 40. Rb3 {[%clk 0:00:54]}  Ke7 {[%clk 0:04:30]} 41. Ra5 {[%clk 0:00:32]}  g6 {[%clk 0:04:17]} 42. Ra8 {[%clk 0:00:10]}  Kf6 {[%clk 0:04:15]} 43. Rb1 {[%clk 0:00:10]}  Nc3 {[%clk 0:04:14]} 44. Rc1 {[%clk 0:00:10]}  Nb5+ {[%clk 0:04:17]} 45. Kb3 {[%clk 0:00:12]}  Nxd4+ {[%clk 0:04:19]} 46. Kc4 {[%clk 0:00:17]}  e5 {[%clk 0:04:19]} 47. hxg6 {[%clk 0:00:13]}  fxg6 {[%clk 0:04:22]} 48. Rc3 {[%clk 0:00:07]}  Ne6 {[%clk 0:04:13]} 49. Rc8 {[%clk 0:00:11]}  h5 {[%clk 0:04:11]} 50. gxh5 {[%clk 0:00:14]}  gxh5 {[%clk 0:04:15]} 51. Re3 {[%clk 0:00:16]}  Kf5 {[%clk 0:03:53]} 52. Rh8 {[%clk 0:00:18]}  Kf4 {[%clk 0:03:51]} 53. Re4 {[%clk 0:00:13]}  Kxf3 {[%clk 0:03:49]} 54. Rxe5 {[%clk 0:00:17]}  Nf4 {[%clk 0:03:45]} 55. Rf8 {[%clk 0:00:09]}  Kg4 {[%clk 0:03:45]} 56. Re4 {[%clk 0:00:12]} 1-0